Counties of Nova Scotia - Statistics

General Stats
  • This quiz has been taken 92 times
  • The average score is 8 of 18
Answer Stats
Answer % Correct
Halifax
90%
Cape Breton
64%
Yarmouth
54%
Kings
49%
Hants
46%
Annapolis
45%
Pictou
45%
Queens
45%
Digby
43%
Antigonish
42%
Colchester
42%
Lunenburg
42%
Cumberland
36%
Inverness
36%
Guysborough
34%
Shelburne
34%
Victoria
28%
Richmond
22%
No matching quizzes found
Score Distribution
Percent of People with Each Score
Percentile by Number Answered
Your Score History
You have not taken this quiz